000 00681nam a2200217 i 4500
001 108726
003 ES-MaACL
005 20250702063055.0
007 t|
008 061121s1929 sp r ||||1| spa d
100 0 _aMontoliu, Manuel de,
_d1877-1961
_982679
245 1 0 _aLiteratura castellana /
_cpor Manuel de Montoliu.
250 _a1ª ed.
260 _aBarcelona :
_bCervantes,
_c1929 (
_fNúñes y Cª)
300 _aX, 890 p. ;
_c21 cm.
490 1 _aManuales de literatura ;
_v1
650 4 _aLiteratura española-
_xHistoria y crítica
_914560
830 0 _aManuales de literatura ;
_v1
_9232954
852 _aES-MaACL
_jA-623
999 _c108726
_d108726